Eminent Muslim Scientists- The Quail (Record no. 65272)

MARC details
000 -LEADER
fixed length control field 00236nam a22001097a 4500
082 ## - DEWEY DECIMAL CLASSIFICATION NUMBER
Classification number 297.925VAQ
100 ## - MAIN ENTRY--AUTHOR NAME
Personal name Dr Waqar Ahmed Rizvi
245 ## - TITLE STATEMENT
Title Eminent Muslim Scientists- The Quail
260 ## - PUBLICATION, DISTRIBUTION, ETC. (IMPRINT)
Place of publication karachi
300 ## - PHYSICAL DESCRIPTION
Number of Pages 107p
942 ## - ADDED ENTRY ELEMENTS (KOHA)
Koha item type Books
Holdings
Withdrawn status Lost status Home library Current library Date acquired Full call number Accession Number Koha item type
    Reference Section Reference Section 10/07/2019 297.925VAQ (Shelf -19B) R14054 Books